000 00534nam a2200169Ia 4500
008 090201s9999 xx 000 0 und d
010 _aKPL-53485
040 _bमराठी
041 _aमराठी
082 _a13192
_b53485
100 _aदिलीप जोशी
245 _aस्वप्नगंधा
_cदिलीप जोशी
260 _c2004
_bमेहता पब्लिशिंग हाऊस
300 _a164
_bमोठा
600 _aस्वप्नगंधा
942 _cBOOK
999 _c213417
_d213417